| 000 | 00451nam a22001697a 4500 | ||
|---|---|---|---|
| 003 | OSt | ||
| 005 | 20240709124935.0 | ||
| 008 | 240709b |||||||| |||| 00| 0 eng d | ||
| 020 | _a0201664720 | ||
| 040 | _cMUST | ||
| 082 | _a339 FUR 2001 | ||
| 100 |
_aFurlong, William J _918549 |
||
| 245 |
_aStudy guide for lipsey and Ragan Macroeconomics/ _cWillian J Furlong |
||
| 300 |
_avi,573p. _bill. _c25cm |
||
| 650 | _2macroeconomics | ||
| 942 |
_2ddc _cO_SHELF |
||
| 999 |
_c9116 _d9116 |
||